Loading...
| History - World | 0 | 7 | 0 | 0 | 70 | 8 | 51.14 | 4 | 6 | 36.23 | 52.62 |
| Science - Chemistry | 0 | 7 | 0 | 1 | 70 | 32 | 59.00 | 4 | 6 | 32.16 | 58.10 |
| Fine Arts - Classical Music | 0 | 4 | 0 | 2 | 40 | 84 | 105.50 | 0 | 3 | 4.16 | 13.10 |
| Science - Other | 0 | 4 | 0 | 2 | 40 | 75 | 105.75 | 0 | 2 | 5.21 | 23.81 |
| Geography | 0 | 3 | 0 | 1 | 30 | 71 | 83.33 | 1 | 3 | 17.20 | 60.12 |
| Literature - American | 0 | 3 | 0 | 0 | 30 | 36 | 95.33 | 0 | 2 | 6.83 | 19.76 |
| Social Science | 0 | 3 | 0 | 1 | 30 | 50 | 71.00 | 1 | 1 | 13.51 | 26.19 |
| History - Other | 0 | 3 | 1 | 0 | 25 | 24 | 43.33 | 2 | 3 | 18.60 | 26.67 |
| Literature - European | 0 | 2 | 0 | 0 | 20 | 92 | 101.00 | 0 | 1 | 2.23 | 10.00 |
| History - European | 0 | 2 | 0 | 0 | 20 | 14 | 19.50 | 1 | 2 | 16.30 | 16.67 |
| History - American | 0 | 2 | 1 | 0 | 15 | 78 | 80.50 | 0 | 2 | 5.65 | 12.14 |
| Literature - World | 0 | 2 | 2 | 0 | 10 | 61 | 69.00 | 1 | 2 | 8.13 | 17.50 |
| Philosophy | 0 | 1 | 0 | 0 | 10 | 61 | 61.00 | 0 | 1 | 4.47 | 7.41 |
| Current Events | 0 | 1 | 0 | 0 | 10 | 50 | 50.00 | 1 | 1 | 10.74 | 20.00 |
| Science - Biology | 0 | 2 | 2 | 1 | 10 | 73 | 84.00 | 0 | 0 | 4.10 | 6.19 |
| Fine Arts - Painting and Sculpture | 0 | 1 | 1 | 1 | 5 | 116 | 116.00 | 0 | 0 | 0.17 | 5.00 |
| Religion | 0 | 1 | 1 | 0 | 5 | 75 | 75.00 | 0 | 0 | 2.27 | 3.33 |
| Science - Physics | 0 | 2 | 4 | 0 | 0 | 46 | 48.00 | 1 | 2 | 11.30 | 16.67 |
| Fine Arts - Other | 0 | 0 | 1 | 0 | -5 | 0.00 | 0 | 0 | 0.00 | 0.00 | |
| Popular Culture | 0 | 0 | 1 | 0 | -5 | 0.00 | 0 | 0 | 0.00 | 0.00 |